000 01899nam1a22003611i 4500
001 RU\NLR\BIBL_A\022052099
005 20260406111724.0
035 _a(NLR Aleph) 022052099
090 _a12600919
_c12600919
100 _a20231017d1820 m y0rusy50 ca
101 0 _arus
_bfre
_ceng
102 _aRU
140 _ay y eayaa0000
200 1 _aЛудовик, или Сын человека с гением.
_fПереведено с английскаго на французский баронессою Монтолье.
_gС французскаго князем Шаликовым
210 _aМосква
_cв Театральной типографии
_d1820
215 _d18°
300 _aЦенз.: Л.А.Цветаев, 22 апр. 1819 г.
300 _aАвт. установлен по изд.: Barbier. 1873. V.2, p.1352
300 _aЗагл. ориг.: The son of a genius
300 _aНа с.[5] ч.1 посвящ. пер. Д.Д.Цицианову
300 _aНа с.[9-10] и с.1 ч.1 предисл. авт. фр. пер. с подписью: Изабелла Монтолье
620 _dМосква
700 1 _aХофланд
_bБ.
_f1770-1844
_gБарбара
702 1 _4730
_8rus
_7ca
_aШаликов
_bП. И.
_f1768-1852
_gПетр Иванович
_3RU\NLR\AUTH\7794525
_977451
702 1 _4730
_7ca
_8rus
_aМонтолье
_bИ. де
_f1751-1832
_gИзабелла де
_9253215
_3RU\NLR\AUTH\770253271
702 1 _4190
_8rus
_7ca
_aЦветаев
_bЛ. А.
_f1777-1835
_gЛев Алексеевич
_3RU\NLR\AUTH\77123001
_9105926
702 1 _aЦицианов
_bД.Д.
_gДмитрий Дмитриевич
_4280
712 0 0 _4610
_aПлавильщиков,
_cПетербург
_gВ. А.,
_hтипография
_9517304
_3RU\NLR\AUTH\880426395
852 _aNLR
_j18.227.6.12-1-2
942 _cBOOK
980 _aA1XIXv